000 00493nam a2200157Ia 4500
005 20250424120223.0
008 250424s9999 xx 000 0 und d
022 _a00031518
050 _aHE 9803 .A44/
245 0 _aAmericanway: trends for the modern traveler
260 _bAA: American Airlines, Inc.
260 _c2010
300 _a104 p. : ill. ; 27 cm.
650 _aAmerican Airlines, inc.--History Airlines--United States--History Airlines--United States--Biography
942 _cSR
999 _c38074
_d38074